Los primeros días de vida /

Guardado en:
Autor Principal: Edelman, Claude
Formato: Deslizar
Materias:
Etiquetas: Agregar Etiqueta
Sin Etiquetas, Sea el primero en etiquetar este registro!
LEADER 00876ngm a22002655g 4500
001 CEM.cems021964
008 130507b1993##################0###0#####d
005 20240923165012.0
245 1 0 |a Los primeros días de vida /  |c Claude Edelman. 
300 |a 20'. 
500 |a En soporte VHS, consultar en ventanilla. 
505 0 |a La fecundación. La división celular. La formación del feto. Evolución intrauterina. Células. 
538 |a Soporte: VHS - Norma: Pal N - Color - Grabación DRD 1993 - Hitachi=3466 
100 1 |a Edelman, Claude 
082 6 1 |. 6/TER 
653 |a FISIOLOGIA 
653 |a EDUCACION SEXUAL 
653 |a FECUNDACION 
653 |a EMBARAZO 
653 |a CELULAS 
653 |a SEXUALIDAD 
653 |a FETO 
653 |a VIDA INTRAUTERINA 
653 |a NIVEL SECUNDARIO 
859 |a CEMS  |b BIB. CEMS - Depto. Recursos Didacticos  |h 612.6  |i TER  |k DRD  |p 607.12  |t Ej.1